000 00880nam a2200265Ia 4500
001 21600
003 GE_BSU
008 181216s||||||||xx |||||||||||||| ||und||
020 _a9789941407215
040 _cGE_BSU
080 _a811(512)
100 _aწიკლაური,მერი. ჯაფარიძე, ასმათ.
245 _aთურქული ენის სახელმძვანელო
245 _cრედ. ნანა კაჭარავა
260 _aთბილისი
260 _bჰოროსი XXI
260 _c2014
300 _a200 გვ. ; 20 სმ.
520 _aქსეროქსი
541 _h7 ლ.
653 _aთურქული ენა
653 _aთურქული ენის სახელმძვანელო
653 _aქსეროქსი
942 _cBK
999 _c54536
_d54536